German-speaking Rapper - Statistics

General Stats
  • This quiz has been taken 300 times
  • The average score is 10 of 38
Answer Stats
Real Name Pseudonym % Correct
Anis Mohamed Youssef Ferchichi Bushido
81%
Paul Hartmut Würdig Sido
80%
Farid Hamed El Abdellaoui Farid Bang
70%
Felix Antoine Blume Kollegah
70%
Carlo Waibel Cro
52%
Ekrem Bora Eko Fresh
52%
Savas Yuderi Kool Savas
51%
Kenneth Glöckler Kay One
50%
Azad Azanpour Azad
46%
Patrick Losensky Fler
46%
Aykut Anhan Haftbefehl
46%
Samy Sorge Samy Deluxe
46%
Michael Schindler Shindy
45%
Farhad Nazarinejad Fard
28%
Saad El-Haddad Baba Saad
27%
Marten Laciny Marteria
25%
Benjamin Griffey Casper
22%
Katharina Löwel Kitty Kat
21%
Friedrich Kautz Prinz Pi
20%
Wasim Taha Massiv
19%
Robert Edward Davis B-Tight
14%
Fabian Cataldi Bass Sultan Hengzt
13%
Vincente de Teba Költerhoff Frauenarzt
13%
Mohamed El Moussaoui MoTrip
12%
Peter Pangerl Chakuza
9%
Manuel Romeike King Orgasmus One
9%
Nathan Pedreira Nate57
9%
Mohamed Ayad Tony-D
9%
Frederik Hahn Torch
9%
Sebastian Kurth Curse
8%
Gokhan Sensan G-Hot
8%
Marc Schneider Manny Marc
8%
Danny Bockelmann D-Bo
7%
Sabine Gerling Lumaraa
6%
Andre Witter Vega
5%
Daniel Constantin Maximilian Ott Bizzy Montana
3%
Mirco Rollmann Nyze
3%
Andreas Janetschko DJ Stickle
2%
No matching quizzes found
Score Distribution
Percent of People with Each Score
Percentile by Number Answered
Your Score History
You have not taken this quiz